Statistics for State Chain

Click here to take the quiz!

General Stats

  • This quiz has been taken 37 times
  • The average score is 5 of 5

Answer Stats

CityCityState% Correct
Bar HarborTaosNew Mexico
97%
SelmaSelmaAlabama
94%
SelmaBar HarborMaine
94%
TaosNew LondonConnecticut
91%
New LondonMoabUtah
91%

Score Distribution

Percentile by Number Answered

Percent of People with Each Score

Your Score History

You have not taken this quiz